Bíblica / (Record no. 180983)

MARC details
000 -CABECERA
campo de control de longitud fija 00687nam a2200217 a 4500
005 - FECHA Y HORA DE LA ÚLTIMA TRANSACCIÓN
campo de control 20230310063528.0
008 - ELEMENTOS DE LONGITUD FIJA--INFORMACIÓN GENERAL
campo de control de longitud fija 160309s1998 mx r 000 0 spa d
020 ## - NÚMERO INTERNACIONAL NORMALIZADO PARA LIBROS
Número Internacional Estándar del Libro 9686454853
035 ## - NÚMERO DE CONTROL DEL SISTEMA
Número de control de sistema UPN01000208882
049 ## - COLECCIÓN
Colección F
050 #4 - SIGNATURA TOPOGRÁFICA DE LA BIBLIOTECA DEL CONGRESO
Número de clasificación PQ7298.32 I4.42
Número de documento/Ítem B5.2
100 1# - ASIENTO PRINCIPAL--NOMBRE PERSONAL
Nombre de persona Villarreal Alvarez Tostado, José Javier,
Fechas asociadas al nombre 1959-
9 (RLIN) 35321
245 10 - MENCIÓN DE TÍTULO
Título Bíblica /
Mención de responsabilidad, etc. José Javier Villarreal.
260 ## - PUBLICACIÓN, DISTRIBUCIÓN, ETC.
Lugar de publicación, distribución, etc. México :
Nombre del editor, distribuidor, etc. Ediciones Sin Nombre :
-- Juan Pablos :
-- Universidad Autónoma de Nuevo León,
Fecha de publicación, distribución, etc. 1998.
300 ## - DESCRIPCIÓN FÍSICA
Extensión 47 p.
440 #0 - MENCIÓN DE SERIE/ASIENTO SECUNDARIO--TÍTULO
Título Poesía.
Nombre de parte o sección de la obra Cuadernos de la salamandra
650 #4 - ASIENTO SECUNDARIO DE MATERIA - TERMINO TEMATICO
Término de materia o nombre geográfico como elemento de entrada Poesía mexicana
Subdivisión cronológica Siglo XX
9 (RLIN) 1285
905 ## - TIPO DE MATERIAL
Tipo de material Libro
Holdings
Estado de retiro Estado de pérdida Fuente del sistema de clasificación o colocación Estado dañado No para préstamo Código de colección Localización permanente Ubicación/localización actual Ubicación en estantería Fecha de adquisición Clasificación Código de barras Fecha visto por última vez Número de copia Tipo de ítem Koha
    Library of Congress Classification   Disponible (Préstamo en sala) Folletería Bib. Gregorio Torres Quintero Bib. Gregorio Torres Quintero Colecciones especiales Planta alta 04/05/2023 PQ7298.32 I4.42 B5.2 309640 31/12/2020 1 Folleto